[Event "Bermuda"]
[Site "Bermuda"]
[Date "2005.02.09"]
[Round "10"]
[White "Volokitin, Andrei"]
[Black "Vescovi, Giovanni P"]
[Result "1-0"]
[WhiteElo "2685"]
[BlackElo "2645"]
[Annotator "Stohl,I"]
[PlyCount "49"]
[EventDate "2005.01.30"]
[EventType "tourn"]
[EventRounds "10"]
[EventCountry "BER"]
[EventCategory "17"]
[SourceTitle "CBM 106"]
[Source "ChessBase"]
[SourceDate "2005.06.06"]
[SourceVersion "1"]
[SourceVersionDate "2005.06.06"]
[SourceQuality "1"]

1. e4 {Ftacnik} c5 2. Nf3 e6 3. d4 cxd4 4. Nxd4 a6 5. Be2 Nf6 6. Nc3 d6 7. O-O
Be7 8. f4 O-O 9. a4 $1 {This move causes Black the most problems: one of the
reasons will become clear from the following note:} (9. Kh1 Qc7 10. Be3 b5 11.
e5 dxe5 12. fxe5 Nfd7 13. Bf4 {White in fact lost a tempo, as he played Be3-f4}
Bb7 14. Bd3 Nc5 15. Qg4 {and now a playable alternative is} Nc6 $5 {Zelcic,
R-Stohl,I/Bled op/1997/ , when the sacrificial} 16. Nd5 $5 {seems good enough
only for a draw:} (16. Bh6 $2 Qxe5 17. Nxc6 Bxc6 18. Rae1 f5 $17) 16... exd5
17. e6 Qd8 18. Bh6 Bf6 19. Bxg7 Bxg7 20. Bxh7+ Kxh7 21. Qf5+ Kh6 22. Rf3 (22.
Qh3+ $11) 22... Qh4 23. Rh3 Qxh3 24. Qxh3+ Kg6 25. Qf5+ $11) 9... Qc7 10. Kh1 (
{Black doesn't have to worry too much about} 10. a5 Nc6 11. Nb3 b5 12. axb6
Qxb6+ 13. Kh1 Bb7 $132) 10... b6 {Vescovi chooses a less played alternative.
The mainstream continuation is} (10... Nc6 11. Be3 {, but perhaps the
Brazilian GM wanted to avoid} Re8 12. Qd2 ({Earlier Volokitin used to play} 12.
a5 Nxa5 13. e5 $5 {, but practice has shown Black is doing fine after
accepting both sacrificed P.}) 12... Rb8 $6 (12... Bd7 $142) 13. a5 $1 Nxa5 14.
e5 $1 dxe5 15. fxe5 Nd7 16. Bf4 Nc4 (16... Nxe5 17. Qe3 f6 18. Qh3 Nac6 19. Bd3
g6 20. Rae1 Rf8 21. Nxc6 Qxc6 22. Bxe5 fxe5 23. Qg3 Bd7 24. Bxg6 hxg6 25. Qxg6+
Kh8 26. Qh5+ Kg8 27. Qg4+ Kh8 28. Rf3 Rxf3 29. gxf3 Be8 30. Ne4 Bc5 31. Nxc5
Qxc5 32. Rg1 {1-0,Radjabov,T-Schlosser,P/FRA-chT Mulhouse /2005/}) 17. Bxc4
Qxc4 18. b3 Qb4 19. Ra4 Qb6 20. Qf2 Ra8 21. Be3 Rf8 22. Nf5 Qd8 23. Nxe7+ Qxe7
24. Ne4 $40 Nxe5 25. Bc5 Qd8 26. Rd4 Nd7 27. Bxf8 Qxf8 28. Qd2 Qe7 29. Nd6 Nf6
30. Nf5 exf5 31. Rd8+ Ne8 32. Re1 {1-0,Volokitin,A-Babula,V/Calvia olm/2004/})
11. e5 $5 ({The more often played} 11. Bf3 Bb7 12. e5 dxe5 13. fxe5 Nfd7 14.
Bxb7 Qxb7 15. Bf4 Nc6 16. Qf3 Rac8 $13 {/=} ({or even} 16... Rfc8 $5 17. Rad1
Ra7 $132 {doesn't promise White too much.})) 11... dxe5 12. fxe5 Nfd7 (12...
Qxe5 $2 13. Bf4 Qc5 14. Bf3 Nd5 15. Nxd5 exd5 16. Nb3 $18) 13. Bf4 Bb7 (13...
Nxe5 $6 14. Bf3 Ra7 15. Ndb5 $1 axb5 16. Nxb5 $16) 14. Bd3 $1 {[%csl Gd3] The
point of move 11, this B is an important attacking piece.} (14. Bf3 Nc6 $11 {
gives White nothing.}) 14... Nc5 $8 {Black must target the B, he quickly loses
after} (14... Nc6 $2 15. Qh5 g6 16. Nxe6 $1 fxe6 17. Bxg6 $1 $18 {->}) 15. Qg4
Rd8 {Ftacnik: 'Volokitin loves this type of positions as he can fully benefit
from the phenomenal tactical abilities. '} ({Here} 15... Nc6 $2 {is again
insufficient due to} 16. Nd5 $1 exd5 17. e6 Qc8 (17... Qd8 18. Bh6 Bf6 19. Bxg7
$1 Bxg7 20. Bxh7+ $1 Kxh7 21. Qf5+ Kh6 {now fails to} 22. Ra3 $1 Bf6 23. Rh3+
Bh4 24. Rf4 $18 {Remeber the note to move 9!}) 18. Bh6 g6 19. Bxf8 Bxf8 20.
exf7+ Kh8 21. Bf5 Qc7 22. Bxg6 Ne5 23. Qg3 $1 Bg7 (23... hxg6 24. b4 $1 $18 (
24. Rae1 $40)) 24. Bxh7 Kxh7 25. Qh3+ Bh6 26. Rf6 Nxf7 27. Raf1 Rf8 28. Qh5 Kg8
29. Qg6+ Bg7 30. Nf5 Ne6 31. Rxe6 {1-0,Volokitin,A-Rublevskij,A/Budva/2004/}) (
{An interesting novel idea is} 15... Nbd7 $5 {, the straightforward} 16. Bh6 $6
{runs into} Qxe5 17. Rae1 f5 18. Nxf5 exf5 19. Qc4+ Kh8 20. Rxe5 Nxe5 21. Bxg7+
(21. Qd4 Bf6 $19) 21... Kxg7 22. Qd4 Bf6 23. Bxf5 Rad8 $17 {Tissir,M-Suba,M/
Malaga/2005/}) 16. Bg3 {[%cal Rd3h7] /\Bh7} ({White creates a direct threat,
less convincing is} 16. Nf3 Nxd3 17. cxd3 Nd7 $132) 16... Bf8 (16... Nc6 $2 17.
Bxh7+ $1 $18) (16... Nxd3 17. cxd3 (17. Rxf7 Kxf7 18. Qxe6+ Ke8 19. Qg8+ Kd7 $1
(19... Bf8 $2 20. Ne6 $40) 20. Qe6+ (20. e6+ $2 Kc8 $19) 20... Ke8 $11) 17...
Qd7 $5 $13 (17... Bc5 18. Nf3 Be7 19. Rac1 (19. d4 {Ftacnik} Qd7 20. Rad1 $14)
19... Qd7 20. d4 Ra7 21. Bf4 Bxf3 22. Qxf3 Nc6 23. Be3 Rf8 24. Qg4 $36 {
Zelcic,R-Fercec,N/Ljubljana op/2004/})) 17. Nf3 h6 {[%csl Rh6] ׻ Once the
major pieces have deserted the >>, weakening it further means really playing
with fire.} (17... Nxd3 $5 18. cxd3 Bxf3 (18... Rxd3 {Ftacnik} 19. Ng5 Rd7 (
19... Qc6 20. Rf2 Rd7 21. Nce4 $16) 20. Nce4 Qc8 (20... Nc6 21. Nf6+ gxf6 22.
Nxe6+ $18) 21. Rxf7 Rxf7 22. Qh5 Bxe4 23. Qxf7+ Kh8 24. Nxe4 $16) 19. Qxf3 Nc6
$132 {[%cal Yc6d4,Yc6e5,Yd4f5] /\Ne5,Nd4-f5}) (17... Bxf3 {Ftacnik} 18. Qxf3
Nc6 19. Ne4 Nxd3 20. cxd3 Nd4 21. Rac1 $14) 18. Bf4 $1 {Again the direct
threat is stronger, than} (18. Bc4 Nc6 19. Rae1 Nb4 20. Re2 Nd5 21. Ne4 Nxe4
22. Rxe4 Rac8 23. Bb3 Ne7 24. Rf4 Nd5 25. Re4 Ne7 26. Rc4 Qd7 27. Rf4 Nd5 28.
Re4 Ne7 $11 {Zelcic,R-Rezan,S/Zadar op/2004/}) 18... Kh8 {Ftacnik: 'The
position remains very dangerous for black, but Vescovi shows good nerves and
relays on the tactical talant of his own.'} (18... Nxd3 $5 {Ftacnik} 19. cxd3
Rxd3 20. Bxh6 (20. Rac1 Qc4 21. Qg3 g5 $17) 20... Nd7 21. Ne4 Rc8 $13) 19. Qh5
Nc6 {Still keeps the Bd3 alive, but even} (19... Nxd3 20. cxd3 Rxd3 {allows}
21. Bxh6 $1 (21. Rac1 {Ftacnik} Nc6 22. Ne4 Qd7 23. Nf6 $40) 21... gxh6 22. Ng5
f5 $5 (22... Rd2 $143 $6 23. Nce4 Bxe4 24. Nxe4 Rd7 25. Rf6 $1 {[%cal Rf6h6] /
\Rh6+-}) 23. exf6 $40 {White's attack guarantees him at least a draw and he
can aspire for more.}) 20. Bxh6 $1 {'!?' Ftacnik.} gxh6 (20... Nxd3 $2 {Ftacnik
} 21. Bd2+ Kg8 22. Ng5 $18) 21. Ng5 $44 {[%mdl 640] White sacrifices a whole
piece for a dangerous ->.} Nxe5 $2 {A really serious mistake. Stronger was} (
21... f5 $142 $1 22. exf6 (22. Nf7+ Kg8 $5 (22... Kg7 {Ftacnik} 23. Rxf5 exf5 (
23... Nxd3 $2 24. Qxh6+ $18) 24. Bc4 Kh7 25. Qxf5+ Kg7 26. Qg4+ Kh7 27. Ne4
Nxe4 28. Qxe4+ Kg7 29. Qg4+ Kh7 30. Nxd8 $18) (22... Kh7 {Ftacnik} 23. Bxf5+
exf5 24. Qxf5+ Kg8 (24... Kg7 25. Qf6+ Kh7 26. Qh8+) 25. Qg6+ Bg7 26. Nxh6+ Kh8
27. Nf7+ $18)) 22... Ne5 $13 {and although White has compensation and an ->,
there is still no clear win in sight.} 23. Rae1 {Ftacnik} Qc6 24. Rf2 Ncxd3 25.
cxd3 Nxd3 26. Nf7+ Kh7 27. Ng5+ Kh8 $11) 22. Nxf7+ Nxf7 23. Rxf7 Rd7 (23...
Bxg2+ {Ftacnik} 24. Kxg2 Nxd3 25. Raf1 (25. Rxc7 $2 Nf4+ $19) (25. cxd3 Rd7 26.
Raf1 Bg7 $11) 25... Qc6+ 26. Kh3 e5 27. Qf5 Bg7 28. cxd3 Rf8 $11) 24. Raf1 Nxd3
$2 {[%mdl 8192] Black is disoriented and throws the game away.  Ftacnik:
'Terrible tactical oversight, black has forgotten about the crucial check on
f8.'} (24... Rxf7 25. Rxf7 Bxg2+ 26. Kg1 $1 $18) ({The only way to fight on was
} 24... Bxg2+ $1 25. Kxg2 Rxf7 26. Rxf7 Qc6+ 27. Kh3 (27. Ne4 Nxd3 $1 (27...
Nxe4 $2 28. Qf3 $18) 28. cxd3 (28. Qg6 Nf4+ 29. Rxf4 Qxc2+ $132 30. Rf2 {
Ftacnik} Qc6 31. Rf7 Qc2+ $11)) 27... Nxd3 28. cxd3 $14 {/+/-} (28. Qg6 {
Ftacnik} Nf4+ 29. Rxf4 Bg7 $11)) 25. Rxf8+ (25. Rxf8+ Kh7 (25... Kg7 26. Qg4+
Kh7 27. Qg8#) (25... Rxf8 26. Qxh6+ Rh7 27. Rxf8#) 26. R1f7+ $18) 1-0

[Event "Vinkovci"]
[Site "Vinkovci"]
[Date "1995.??.??"]
[Round "?"]
[White "Rogic, Davor"]
[Black "Stohl, Igor"]
[Result "0-1"]
[WhiteElo "2460"]
[BlackElo "2530"]
[Annotator "Stohl,I"]
[PlyCount "90"]
[EventDate "1995.04.??"]
[EventType "tourn"]
[EventRounds "11"]
[EventCountry "CRO"]
[EventCategory "9"]
[SourceTitle "CBM 048"]
[Source "ChessBase"]
[SourceDate "1995.10.01"]
[SourceVersion "1"]
[SourceVersionDate "1995.10.01"]
[SourceQuality "1"]

1. e4 c5 2. Nf3 d6 3. d4 cxd4 4. Nxd4 Nf6 5. Nc3 e6 6. Be2 a6 7. O-O Be7 8. f4
Qc7 9. Kh1 O-O 10. a4 b6 (10... Nc6 11. Be3 Re8 12. Bf3 Rb8 13. Qd2 Bd7 14. Nb3
b6 15. g4 Bc8 16. g5 Nd7 17. Bg2 Na5 18. Qf2 Nxb3 19. cxb3 Nc5 20. Qc2 b5 21.
axb5 axb5 22. f5 b4 23. Na4 exf5 24. exf5 Bf8 25. Bf4 {Palac,M-Ftacnik,F/
Vinkovci/1995/} Bb7 $13) 11. Bf3 (11. Qd3 Bb7 12. Qh3 Nc6 13. Nxc6 Bxc6 14. Bd3
Rfd8 15. f5 e5 16. Bg5 Qb7 17. b4 b5 18. axb5 axb5 $10 {Polgar,J-Suba,M/
Budapest zt/1993/}) 11... Bb7 12. Qe1 (12. e5 $142 dxe5 13. fxe5 Nfd7 14. Bxb7
Qxb7 15. Bf4 Nc6 $1 16. Qf3 Rac8 17. Rad1 Kh8 $1 18. Rf2 (18. Nxc6 $5 Rxc6 19.
Rd2 f5 $5 $10) 18... Nc5 $1 19. Nxc6 Qxc6 20. Qxc6 Rxc6 21. b4 $2 Nb7 $1 22.
Na2 Rd8 23. Rxd8+ Nxd8 $17 {Lukin,A-Yudasin,L/USSR-ch/1991/}) 12... Nc6 $5 $146
(12... Nbd7 13. g4 $1 $36) (12... Rd8 13. Be3 Nbd7 14. Bf2 Bf8 15. Bh4 $5 Re8
16. Rd1 Rac8 17. Qg3 {[%cal Re4e5] /\e5} Ba8 $1 18. Rfe1 Kh8 $1 19. e5 dxe5 20.
fxe5 Nd5 21. Nxd5 Bxd5 22. Bxd5 exd5 23. Qf3 Nxe5 24. Qxd5 Ng4 25. Bg3 Nf6 $1
$15 {Lukin,A-Tal,M/Moscow/1990/}) 13. Be3 (13. Nxc6 Bxc6 14. e5 dxe5 15. fxe5
Nd7 $10) 13... Nxd4 14. Bxd4 e5 $1 (14... Bc6 15. Qg3 b5 16. axb5 axb5 17. Rae1
Rad8 18. e5 dxe5 19. Bxe5 Qb7 20. Ne4 Ne8 21. c3 b4 22. Bd4 bxc3 23. bxc3 Qc8
24. Ra1 Rd7 25. Rfe1 $14 {Mokry,K-Stohl,I/Trnava/1987/}) 15. fxe5 dxe5 16. Qg3
(16. Be3 $2 Bb4 $17) 16... Bd6 17. Be3 Kh8 (17... Bb4 $6 18. Bg5 $1 Ne8 19. Nd5
Bxd5 20. exd5 Bd6 21. Be4 $40 {[%cal Rg3h4] /\Qh4+-}) 18. Qh4 (18. Rad1 Bb4 $5
$132) 18... Be7 19. Bg5 Ng8 $1 $10 20. Bg4 $6 (20. Nd5 Bxd5 21. exd5 Bxg5 22.
Qxg5 Qd6 23. Be4 (23. Rae1 $6 f5 $36) 23... Nf6 (23... g6 $5 24. g4 Kg7 $13)
24. Rae1 Rae8 $5 $13 (24... Nxe4 25. Rxe4 Qxd5 26. Qxe5 $10)) 20... Bxg5 21.
Qxg5 Rad8 22. Be2 (22. Rad1 Rd4 $36) 22... f6 23. Qe3 Rd4 $1 $15 {[%csl Re2,
Re4][%cal Gd8d1] ><e4,Be2,<->d} 24. Bd3 Ne7 25. Ra3 Rfd8 (25... Rb4 $5 $15) 26.
Ne2 (26. Qe2 $142 Qc8 27. Rb3 R4d6 $15) 26... R4d6 27. Rb3 Qc6 $5 28. Ng3 $6 {
[%csl Rg3] פg3} (28. h3 $142 Bc8 (28... f5 $6 29. Qg5) 29. Nc3 $15) 28... Rd4
$138 29. Ne2 R4d6 30. Ng3 Bc8 $1 31. Ra1 Be6 32. Rc3 Qb7 33. Qe2 a5 $17 34. Nf1
Nc6 35. Ne3 Nb4 36. h3 h6 37. b3 $6 {[%csl Rc3] צc3} (37. Nf5 $2 Bxf5 38. exf5
Nxd3 39. Rxd3 Rxd3 40. cxd3 Qd7 $19) (37. Rca3 Qd7 38. Rd1 $17) 37... Qd7 38.
Bb5 Qb7 39. Bd3 Rd4 $1 40. Rf1 $2 $138 (40. Nf1 Qf7 41. Nd2 Nxc2 $1 $19) (40.
Bc4 $5 Rc8 $1 {[%cal Rb7e4] /\Qe4-+}) 40... Na2 $19 41. Rc4 Bxc4 42. Bxc4 (42.
Nxc4 Nb4 $19) (42. bxc4 Nc3 $19) 42... Qxe4 43. Qf2 Nc3 44. Qg3 (44. Nf5 Rd1
45. Qxb6 (45. Qg3 $2 Qxf5) 45... Rxf1+ (45... Qxf5 $2 46. Qxd8+ $17) 46. Bxf1
Rd1 $19) 44... Qh4 45. Qf3 e4 (45... e4 46. Qf5 Qg5 47. Qf2 Rd2 $19) 0-1

[Event "Olympiad-23"]
[Site "Buenos Aires"]
[Date "1978.11.10"]
[Round "14"]
[White "Mestel, A Jonathan"]
[Black "Suba, Mihai"]
[Result "0-1"]
[WhiteElo "2450"]
[BlackElo "2430"]
[Annotator "Suba,M"]
[PlyCount "58"]
[EventDate "1978.10.25"]
[EventType "team-swiss"]
[EventRounds "14"]
[EventCountry "ARG"]
[SourceTitle "EXT 2000"]
[Source "ChessBase"]
[SourceDate "1999.11.16"]
[SourceVersion "1"]
[SourceVersionDate "1999.11.16"]
[SourceQuality "1"]
[WhiteTeam "England"]
[BlackTeam "Romania"]
[WhiteTeamCountry "ENG"]
[BlackTeamCountry "ROU"]

{Inf.26/479} 1. e4 c5 2. Nf3 d6 3. d4 cxd4 4. Nxd4 Nf6 5. Nc3 e6 6. Be2 a6 7.
O-O Be7 8. f4 O-O 9. Kh1 Qc7 10. Qe1 b5 11. Bf3 Bb7 12. e5 $14 Ne8 13. Qg3 Nd7
14. a3 Nb6 $6 (14... Rd8 15. Be3 Nb6 16. Ncxb5 axb5 17. Nxb5 Qc4 18. Bxb6 Qxb5
19. Bxd8 Bxd8 20. Bxb7 Qxb7 21. b4 $16) 15. Ne4 $1 Rd8 16. c3 Nd5 17. Bd2 g6 $2
18. f5 $1 $16 dxe5 19. fxg6 $1 hxg6 (19... exd4 20. gxf7+ Kh8 21. fxe8=Q Rfxe8
22. Qxc7 Nxc7 23. cxd4 $16) 20. Nxe6 $1 fxe6 21. Qxg6+ Ng7 22. Bg4 $1 Bc8 (
22... Nf4 $2 23. Rxf4 $1 $18) 23. Bh6 Bh4 24. g3 Nf6 25. Rxf6 $2 (25. Bf3 $1
$16) 25... Rxf6 26. Nxf6+ Bxf6 27. Qxf6 $4 (27. Rf1) 27... Bb7+ $19 28. Kg1
Qb6+ 29. Qf2 Qc6 $1 (29... Qc6 30. Bf3 Qxf3 31. Qxf3 Bxf3 $19) 0-1

[Event "Wch U18"]
[Site "Guarapuava"]
[Date "1995.??.??"]
[Round "9"]
[White "Sutovsky, Emil"]
[Black "Kempinski, Robert"]
[Result "1/2-1/2"]
[WhiteElo "2545"]
[BlackElo "2455"]
[Annotator "Sutovsky,E"]
[PlyCount "95"]
[EventDate "1995.??.??"]
[EventType "swiss"]
[EventRounds "11"]
[EventCountry "BRA"]
[SourceTitle "CBM 051"]
[Source "ChessBase"]
[SourceDate "1996.04.01"]
[SourceVersion "1"]
[SourceVersionDate "1996.04.01"]
[SourceQuality "1"]

1. e4 c5 2. Nf3 d6 3. d4 cxd4 4. Nxd4 Nf6 5. Nc3 a6 6. Be2 e6 7. a4 Be7 8. O-O
(8. Be3 $5 Qc7 9. a5 Nbd7 10. Nb3 O-O 11. O-O b5 12. axb6 Nxb6 13. Qd4 $14 {
Sutovskij,E-Yudasin,L/Lcague/1996/}) 8... O-O 9. f4 Qc7 10. Kh1 b6 (10... Nc6
11. Be3 $13) (10... Rd8 11. Qe1 (11. Bd3 b6 12. Qf3 Bb7 13. Qh3 Nbd7 14. Bd2
Nc5 15. Rac1 d5 16. e5 Nfe4 17. Be3 Rac8 18. Nce2 Bf8 19. f5 exf5 20. Nxf5 Ne6
$10 {Tischbierek,R-Kersten,U/Hamburg op/1995/1:0/38/}) 11... b6 (11... Nc6 12.
Be3 Rb8 13. Qf2 b6 14. e5 Ne8 15. Nxc6 Qxc6 16. Bd3 f5 17. exf6 Nxf6 18. Qe2
Ra8 19. Bd4 Rf8 20. Rf3 d5 21. Rh3 g6 22. f5 gxf5 23. Bxf5 Rf7 24. Bd3 $18 {
Nielsen,P-Ginsburg,G/Pinsk/1993/1:0/30/}) 12. Qg3 Bb7 13. Bf3 (13. f5 e5 14.
Bh6 Bf8 15. Bg5 Be7 16. Bh6 Bf8 17. Bg5 Be7 {Nielsen,P-Oll,L/Groningen/1993/0,
5/17/})) 11. e5 (11. Bf3 Bb7 12. e5 dxe5 13. fxe5 Nfd7 14. Bxb7 Qxb7 15. Bf4
Nc6 16. Qf3 Rac8 17. Rad1 Nc5 18. Nxc6 Rxc6 19. b4 Nd7 20. Ne4 Bxb4 21. Rxd7
Qxd7 22. Nf6+ gxf6 23. Bh6 Bd2 24. Qg3+ Bg5 25. exf6 Qd5 26. Bxf8 h6 27. Bxh6
Rc5 28. Qb8+ Kh7 29. Qf8 $1 {Malisauskas,V-Yudasin,L/Lvov/1987/1:0/39/}) 11...
Ne8 (11... dxe5 12. fxe5 Nfd7 13. Bf3 Bb7 14. Bxb7 Qxb7 15. Bf4 Rd8 (15... Bc5
16. Rf3 (16. Nf3 Nc6 17. Ne4 Ne7 18. Qe2 Qc6 19. Rfd1 Rfc8 20. c3 Nd5 21. Bg3
Nf8 22. Nd4 Qc7 23. Rd2 Ng6 24. Rf1 Rd8 25. Ng5 Rd7 26. Ndxe6 $1 fxe6 27. Qh5
h6 28. Qxg6 hxg5 29. Qxe6+ Kh8 30. Qh3+ Kg8 31. e6 $18 {Unicker,W-Pieshina,G/
Daugavpils/1990/1:0/35/}) 16... Bxd4 17. Qxd4 Nc6 18. Qe3 Ne7 19. Rd1 Rac8 20.
Qe2 Ng6 $13 {Nielsen,P-Rublevsky,S/Moscow olm/1994/1:0/52/}) (15... Nc6 16. Qf3
Rac8 17. Rad1 Kh8 18. Bg3 Nc5 19. Nxc6 Rxc6 20. Qh5 f5 21. exf6 Bxf6 22. Be5
Nd7 23. Bxf6 Nxf6 24. Qe2 Re8 25. Ne4 Nxe4 26. Qxe4 Qc8 27. c3 Rc4 28. Rd4 $16)
16. Qg4 Nf8 17. Bh6 Ng6 18. Rxf7 gxh6 19. Raf1 Rf8 20. Qxe6 Kh8 21. Nd5 {
Nielsen,P-Sax,G/Valby/1994/1:0/21/}) 12. Bf3 Bb7 13. Bxb7 (13. exd6 Bxd6 14. f5
e5 15. Nd5 Bxd5 16. Bxd5 Ra7 17. Ne2 Nd7 18. Nc3 Ndf6 19. Bg5 Bb4 20. Ne4 Be7
21. Nxf6+ Nxf6 22. Bb3 h6 23. Bh4 e4 $10 {Dolmatov,S-Mikhalchishin,A/URS-ch/
1979/0,5/28/}) (13. Be3 $5 Nc6 14. Qe2 g6 15. Rad1 dxe5 16. fxe5 Ng7 17. Nxc6
Bxc6 18. Qc4 Rfc8 19. Qxc6 Qxc6 20. Bxc6 Rxc6 21. Rd7 Re8 22. g4 $16) 13...
Qxb7 14. Qh5 (14. Qg4 $5) 14... Nc6 15. Be3 g6 16. Qf3 Rc8 17. Rad1 $1 Rc7 18.
Qg4 (18. Nxc6 Rxc6 (18... Qxc6 19. Qe2 Qb7 20. Bd4 $14) 19. Bd4 dxe5 20. Bxe5
$16) 18... dxe5 19. Nxc6 Qxc6 (19... Rxc6 $5 20. fxe5 Qc7 21. Bh6 Ng7 22. Qf3
$14 Rc5 23. Ne4 Rxc2 24. Nf6+ Kh8 25. Bxg7+ Kxg7 26. Ne8+ $18) 20. fxe5 f5 (
20... Ng7 21. Bh6 f5 22. exf6 Bxf6 23. Rd3 $16) 21. exf6 Nxf6 22. Qe2 Qc4 $1 (
22... a5 23. Bh6 Rf7 24. Rfe1 $16) (22... b5 23. axb5 axb5 24. Nxb5 $16 Qxc2 $2
25. Rd2 $18) 23. Qxc4 Rxc4 24. Bxb6 Nd5 (24... Bb4 $2 25. Bd4 $18) 25. Rxf8+
Bxf8 $6 26. Nxd5 exd5 27. Rxd5 (27. c3 Rxa4 28. Rxd5 Ra1+ 29. Bg1 Ra2 $10)
27... Rxc2 28. g3 Rxb2 29. a5 Rb1+ $1 (29... h5 30. Rd8 Kf7 31. Ra8) 30. Kg2
Rb2+ 31. Kf3 (31. Kh3 h5 32. Kh4 Rxh2+ 33. Kg5 Be7+ $16) 31... Rxh2 32. Rd8 (
32. Rd7 Rc2 33. Ra7 Bc5 $10) 32... Kf7 33. Ra8 Rc2 $1 34. Rxa6 Bc5 35. Ra7+ Ke6
36. Rxh7 Bxb6 37. axb6 Rb2 38. b7 Kf5 39. Ke3 Kg4 40. Rg7 g5 41. Ke4 Kh3 42.
Rxg5 Rxb7 43. g4 (43. Rg8 Rb4+ 44. Kf5 Rb5+ $10) 43... Rb4+ 44. Kf5 Kg3 45. Rg6
Rf4+ 46. Kg5 Rxg4+ 47. Kf5 Rxg6 48. Kxg6 1/2-1/2